000 00488nam a2200193 a 4500
001 1770381889222
003 YourLibrary
005 20260206181648.0
008 260206s2004##################000#0#eng##
020 _a9780786416721
082 0 4 _a306.09470904
_bSHA
100 1 _aShapiro, Susan G.,
_eauthor.
245 1 0 _aThe Curtain Rises :
260 _bMcFarland,
_c2004.
300 _a240 pages
650 0 _aHistory.
942 _cENGLISH
040 _aYourLibrary
_beng
_cYourLibrary
999 _c610784
_d610784